000
00247nam a22000977a 4500
041
_a
ENG
100
_a
Garg S.K
245
_a
Environmental Engg Vol II Sewage Disposal And Air Pollution Engineering
260
_a
Delhi
_b
Khanna PUB
_c
1998
300
_a
877
999
_c
618
_d
618